| 000 | 00631nam a2200181 a 4500 | ||
|---|---|---|---|
| 001 | 000013672 | ||
| 005 | 20240305094403.0 | ||
| 008 | 091127s2001 dr 001 0 spa d | ||
| 040 |
_aDO-SdBNP _bspa _cBNPHU |
||
| 082 |
_axxx _bD812d |
||
| 100 | 1 |
_aDuarte Canaán, Pedro J., _d1963- _96300 |
|
| 245 | 1 | 4 |
_aLos dictámenes del ministerio público / _cPedro J. Duarte Canaán. |
| 260 |
_aSanto Domingo : _bCentro de Investigaciones Juridicas Duarte Canaán y Asociado, _c2001. |
||
| 300 |
_a174 p. ; _c22 cm. |
||
| 500 | _aIncluye datos biográficos del autor | ||
| 504 | _aIncluye referencias bibliográficas[p.172] | ||
| 049 | _aBNPD | ||
| 999 |
_c13286 _d13286 |
||